|
|
|
|
| LEADER |
00728nam a2200253 4500 |
| 001 |
DLU090069701 |
| 005 |
##20090518 |
| 040 |
# |
# |
|a DLU
|b eng
|
| 041 |
# |
# |
|a eng
|
| 044 |
# |
# |
|a UK
|
| 100 |
# |
# |
|a Maclachlan, Ian.
|
| 245 |
# |
# |
|a Jacques Derrida : Live theory :
|b book review /
|c Ian Maclachlan.
|
| 653 |
# |
# |
|a Derrida, Jacques, 1930-2004
|
| 653 |
# |
# |
|a Smith, James K. A., 1970-
|
| 773 |
# |
# |
|t French Studies
|g Vol. 62, no. 2 (April 2008), p. 238
|
| 920 |
# |
# |
|a Phòng Tạp chí -- Trung tâm Thông tin - Thư viện Trường Đại học Đà Lạt
|
| 994 |
# |
# |
|a DLU
|
| 900 |
# |
# |
|a True
|
| 911 |
# |
# |
|a Trương Bảo Trâm Anh
|
| 925 |
# |
# |
|a G
|
| 926 |
# |
# |
|a A
|
| 927 |
# |
# |
|a BB
|
| 980 |
# |
# |
|a Thư viện Trường Đại học Đà Lạt
|